Process innovation : (Record no. 288477)
[ view plain ]
| 000 -LEADER | |
|---|---|
| fixed length control field | 01868cam a2200313 a 4500 |
| 001 - CONTROL NUMBER | |
| control field | 2031923 |
| 003 - CONTROL NUMBER IDENTIFIER | |
| control field | PILC |
| 005 - DATE AND TIME OF LATEST TRANSACTION | |
| control field | 20150825125553.0 |
| 008 - FIXED-LENGTH DATA ELEMENTS--GENERAL INFORMATION | |
| fixed length control field | 920609s1993 maua b 001 0 eng |
| 010 ## - LIBRARY OF CONGRESS CONTROL NUMBER | |
| LC control number | 92021959 |
| 020 ## - INTERNATIONAL STANDARD BOOK NUMBER | |
| International Standard Book Number | 0875843662 (acidfree paper) : |
| Terms of availability | $29.95 |
| 040 ## - CATALOGING SOURCE | |
| Original cataloging agency | DLC |
| Transcribing agency | DLC |
| Modifying agency | DLC |
| 050 00 - LIBRARY OF CONGRESS CALL NUMBER | |
| Classification number | HC 79.I55 |
| Item number | .D37 1993 |
| 082 00 - DEWEY DECIMAL CLASSIFICATION NUMBER | |
| Classification number | 338/.064 |
| 100 1# - MAIN ENTRY--PERSONAL NAME | |
| Personal name | Davenport, Thomas H., |
| Dates associated with a name | 1954- |
| 245 10 - TITLE STATEMENT | |
| Title | Process innovation : |
| Remainder of title | reengineering work through information technology / |
| Statement of responsibility, etc | Thomas H. Davenport. |
| 260 ## - PUBLICATION, DISTRIBUTION, ETC. (IMPRINT) | |
| Place of publication, distribution, etc | Boston, Mass. : |
| Name of publisher, distributor, etc | Harvard Business School Press, |
| Date of publication, distribution, etc | 1993. |
| 300 ## - PHYSICAL DESCRIPTION | |
| Extent | x, 337 pages : |
| Other physical details | illustrations ; |
| Dimensions | 24 cm. |
| 500 ## - GENERAL NOTE | |
| General note | Includes bibliographical references and index. |
| 505 0# - FORMATTED CONTENTS NOTE | |
| Formatted contents note | The nature of process innovation -- Selecting processes for innovation -- Information technology as an enabler of process innovation -- Processes and information -- Organizational and human resource enablers of process change -- Creating a process vision -- Understanding and improving existing processes --Designing and implementing the new process and organization -- Process innovation and the management of organizational change -- Implementing process innovation with information technology -- Product and service development and delivery processes -- Customer-facing processes -- Management processes -- Summary and conclusions -- Appendix A: Companies involved in the research -- Appendix B: The origins of process innovation. |
| 650 #0 - SUBJECT ADDED ENTRY--TOPICAL TERM | |
| Topical term or geographic name as entry element | Information technology. |
| 650 #0 - SUBJECT ADDED ENTRY--TOPICAL TERM | |
| Topical term or geographic name as entry element | Technological innovations. |
| 650 #0 - SUBJECT ADDED ENTRY--TOPICAL TERM | |
| Topical term or geographic name as entry element | Organizational change. |
| 650 #0 - SUBJECT ADDED ENTRY--TOPICAL TERM | |
| Topical term or geographic name as entry element | Production engineering. |
| 650 #0 - SUBJECT ADDED ENTRY--TOPICAL TERM | |
| Topical term or geographic name as entry element | Reengineering (Management) |
| 906 ## - LOCAL DATA ELEMENT F, LDF (RLIN) | |
| a | 7 |
| b | cbc |
| c | orignew |
| d | 1 |
| e | ocip |
| f | 19 |
| g | y-gencatlg |
| 942 ## - ADDED ENTRY ELEMENTS (KOHA) | |
| Source of classification or shelving scheme | Library of Congress Classification |
| Koha item type | Books |
| Withdrawn status | Lost status | Source of classification or shelving scheme | Damaged status | Home library | Current library | Shelving location | Date acquired | Source of acquisition | Sub Shelving location | Total Checkouts | Full call number | Barcode | Date last seen | Price effective from | Koha item type |
|---|---|---|---|---|---|---|---|---|---|---|---|---|---|---|---|
| Library of Congress Classification | College Library | College Library | General Circulation Section | 08/25/2015 | Donation | HC 79.I55 .D37 1993 | C19773 | 05/15/2018 | 08/25/2015 | Books |